| 000 | 00622nam a22001937a 4500 | ||
|---|---|---|---|
| 999 |
_c11479 _d11479 |
||
| 003 | AR-CdUCM | ||
| 008 | 190404b ||||| |||| 00| 0 spa d | ||
| 040 |
_aMUNICIPALIDAD PROVINCIAL DEL CUSCO _cBIBLIOTECA MUNICIPAL DEL CUSCO |
||
| 082 |
_a345.7 / _bG21 / 1943 |
||
| 100 |
_aGallegos, Daniel A. _928860 |
||
| 245 | _aIndice de ejecutorias de la corte suprema de la república / | ||
| 260 |
_aPuno : _bImp. cultura, _c1943. |
||
| 300 |
_a88 páginas ; _c21 cm. |
||
| 505 | _aContenido: Indice de ejecutorias. | ||
| 650 |
_aCorte suprema _928861 |
||
| 650 |
_aEjecutorias _928862 |
||
| 942 |
_2ddc _cLIBROS |
||
| 945 | _aacv | ||